| 000 | 00392nam a2200169Ia 4500 | ||
|---|---|---|---|
| 008 | 230524s9999 xx 000 0 und d | ||
| 020 | _a9780074635384 | ||
| 082 |
_a627.52 _bBAS |
||
| 100 | _aN.N Basak | ||
| 245 | 0 | _aIrrigation Engineering | |
| 250 | _a1 | ||
| 260 |
_aNew Delhi _bMGH _c2015 |
||
| 300 | _a"xvi,326p;" | ||
| 500 | _aQuantity Number: 25 | ||
| 650 | _aCivil | ||
| 942 | _cBK | ||
| 999 |
_c56111 _d56111 |
||